A scientist speaks ; excerpts from addresses by Karl Taylor Compton during the years 1930-1949 when he was president of the Massachusetts Institute of Technology.

Bibliographic Details
Main Author: Compton, K. T. (Karl Taylor), 1887-1954
Format: Book
Language:English
Published: Cambridge : Undergraduate Association, Massachusetts Institute of Technology, 1955.
Subjects:

MARC

Tag First Indicator Second Indicator Subfields
LEADER 00000cam a2200000 4500
001 in00000045029
005 20151007065201.0
008 750128s1955 mau 00000 eng u
010 |a  55001972  
035 |a (OCoLC)01155076 
035 |9 AAE1464AM 
040 |c YNG  |d TXA  |d UtOrBLW 
049 |a TXAM  |c [370813] 
050 0 0 |a Q171  |b .C76218 
092 |a 504  |b C738sc, 1955 
100 1 |a Compton, K. T.  |q (Karl Taylor),  |d 1887-1954. 
245 1 2 |a A scientist speaks ;  |b excerpts from addresses by Karl Taylor Compton during the years 1930-1949 when he was president of the Massachusetts Institute of Technology. 
264 1 |a Cambridge :  |b Undergraduate Association, Massachusetts Institute of Technology,  |c 1955. 
300 |a 66 pages :  |b illustrations ;  |c 20 cm. 
336 |a text  |b txt  |2 rdacontent 
337 |a unmediated  |b n  |2 rdamedia 
338 |a volume  |b nc  |2 rdacarrier 
650 0 |a Science. 
999 |a MARS 
999 f f |s e12b37d6-ed70-3fc6-b452-d666e08a89f9  |i 08f4981d-f316-302d-b9b1-88aa69d0deb3  |t 0 
952 f f |p ric  |a Texas A&M University  |b Rellis Campus  |c Joint Library Facility  |d Remote Storage  |t 0  |e Q171 .C76218  |h Library of Congress classification  |i unmediated -- volume  |m A14800892496 
998 f f |a Q171 .C76218  |t 0  |l Remote Storage